=LDR 00000nam 2200000 4500 =001 INLIS000000000023713 =005 20200929073136 =035 ##$$a 0010-061300000023713 =008 200929################g##########0#ind## =041 ##$$a Ind =082 ##$$a 306.027 =090 ##$$a 306.027 Mar m =100 ##$$a Maryaeni =245 1#$$a Metode penelitian kebudayaan, /$c Dr. Maryaeni, M.Pd =260 ##$$a Jakarta :$b Bumi Aksara,$c 2005 =650 #4$$a Kebudayaan-penelitian =850 ##$$a NBPNMAT =020 ##$$a 979-526-764-7 =084 ##$$a 306.027 MAR m =300 ##$$a vii,107 hlm. : $b ilus ; $c 15 x 23 cm. =250 ##$$a cet. 1 =990 ##$$a 91113/BPAP-NTB/2014 =990 ##$$a 93128/BPAP-NTB/2014 =990 ##$$a 0001/BPAP-NTB/20142014 =990 ##$$a 0001/BPAP-NTB/20142014 =990 ##$$a 0001/BPAP-NTB/20142015 =990 ##$$a 0001/BPAP-NTB/20142015 =990 ##$$a 40600979 =990 ##$$a 21304449 =990 ##$$a 6742/pro/2006 =990 ##$$a 21304451 =990 ##$$a 93128/BPAP-NTB/2014 =990 ##$$a 0001/BPAP-NTB/20142014 =990 ##$$a 0001/BPAP-NTB/20142014 =990 ##$$a 0001/BPAP-NTB/20142015 =990 ##$$a 0001/BPAP-NTB/20142015 =990 ##$$a 40600979 =990 ##$$a 21304449 =990 ##$$a 6742/pro/2006 =990 ##$$a 21304452 =990 ##$$a 21304451 =990 ##$$a 0001/BPAP-NTB/20142014 =990 ##$$a 0001/BPAP-NTB/20142014 =990 ##$$a 0001/BPAP-NTB/20142015 =990 ##$$a 0001/BPAP-NTB/20142015 =990 ##$$a 40600979 =990 ##$$a 21304449 =990 ##$$a 6742/pro/2006 =990 ##$$a 21304453 =990 ##$$a 21304451 =990 ##$$a 21304452 =990 ##$$a 0001/BPAP-NTB/20142014 =990 ##$$a 0001/BPAP-NTB/20142015 =990 ##$$a 0001/BPAP-NTB/20142015 =990 ##$$a 40600979 =990 ##$$a 21304449 =990 ##$$a 6742/pro/2006 =990 ##$$a 31072013 =990 ##$$a 21304451 =990 ##$$a 21304452 =990 ##$$a 21304453 =990 ##$$a 0001/BPAP-NTB/20142015 =990 ##$$a 0001/BPAP-NTB/20142015 =990 ##$$a 40600979 =990 ##$$a 21304449 =990 ##$$a 6742/pro/2006 =990 ##$$a 40600981 =990 ##$$a 21304451 =990 ##$$a 21304452 =990 ##$$a 21304453 =990 ##$$a 31072013 =990 ##$$a 0001/BPAP-NTB/20142015 =990 ##$$a 40600979 =990 ##$$a 21304449 =990 ##$$a 6742/pro/2006 =990 ##$$a 40600980 =990 ##$$a 21304451 =990 ##$$a 21304452 =990 ##$$a 21304453 =990 ##$$a 31072013 =990 ##$$a 40600981 =990 ##$$a 40600979 =990 ##$$a 21304449 =990 ##$$a 6742/pro/2006 =990 ##$$a 6.742/Pro-2006 =990 ##$$a 21304451 =990 ##$$a 21304452 =990 ##$$a 21304453 =990 ##$$a 31072013 =990 ##$$a 40600981 =990 ##$$a 40600980 =990 ##$$a 40600979 =990 ##$$a 21304449 =990 ##$$a 21304449 =990 ##$$a 21304451 =990 ##$$a 21304452 =990 ##$$a 21304453 =990 ##$$a 31072013 =990 ##$$a 40600981 =990 ##$$a 40600980 =990 ##$$a 40600979 =990 ##$$a 6.742/Pro-2006 =990 ##$$a 40600979 =990 ##$$a 21304451 =990 ##$$a 21304452 =990 ##$$a 21304453 =990 ##$$a 31072013 =990 ##$$a 40600981 =990 ##$$a 40600980 =990 ##$$a 21304449 =990 ##$$a 6.742/Pro-2006 =990 ##$$a 40600979 =990 ##$$a 21304451 =990 ##$$a 21304452 =990 ##$$a 21304453 =990 ##$$a 31072013 =990 ##$$a 40600981 =990 ##$$a 40600980 =990 ##$$a 21304449 =990 ##$$a 6.742/Pro-2006 =990 ##$$a 21304449 =990 ##$$a 21304451 =990 ##$$a 21304452 =990 ##$$a 21304453 =990 ##$$a 31072013 =990 ##$$a 40600981 =990 ##$$a 40600980 =990 ##$$a 40600979 =990 ##$$a 6.742/Pro-2006 =990 ##$$a 21304449 =990 ##$$a 21304451 =990 ##$$a 21304452 =990 ##$$a 21304453 =990 ##$$a 31072013 =990 ##$$a 40600981 =990 ##$$a 40600980 =990 ##$$a 40600979 =990 ##$$a 6.742/Pro-2006 =990 ##$$a 21304452 =990 ##$$a 21304451 =990 ##$$a 21304453 =990 ##$$a 31072013 =990 ##$$a 40600981 =990 ##$$a 40600980 =990 ##$$a 40600979 =990 ##$$a 21304449 =990 ##$$a 6.742/Pro-2006